01346cam a22003375i 450000100090000000300090000900500170001800800410003502000280007602000180010404000430012208200250016524501350019026400590032526400100038430000460039433600260044033700280046633800270049449000440052150400510056565000540061665000310067065000470070165300210074865500170076970000430078694200120082999900170084195201500085812096153EG-ScBUE20251207104017.0000705t2001 waua f b 101 0 eng d a0841237255 (alk. paper) a9780841237254 aEG-ScBUEbengerdacEG-ScBUEdEG-ScBUE04a547.7045422222bSTI00aStimuli-responsive water soluble and amphiphilic polymers /cCharles L. McCormick, editor, the University of Southern Mississippi. 1aWashington, DC : bAmerican Chemical Society, c[2001] 4cc2001 axii, 352 pages :billustrations ;c24 cm. 2rdacontentatextbtxt aunmediated2rdamediabn avolumebnc2rdacarrier0 aACS symposium series,x0097-6156 ;v780 aIncludes bibliographical references and index. 7aWater soluble polymersvCongresses.2BUEsh939656 7aAmphiphiles.2BUEsh939655 7aSmart materialsvCongresses.2BUEsh939657 bPPhrmcMarch2016 vReading book1 aMcCormick, Charles L.,d1946-eeditor. 2ddccBB c21490d21462 00102ddc40708Scien. H.aMAINbMAINc1STd2016-03-23ePurchaseg1350.00h1l0o547.7045422 STIp000032171r2025-07-15 00:00:00w2016-03-23yBB